LEADER 01057nam0 2200313 450 001 000040639 005 20150513134714.0 100 $a20150512d1946----km-y0itaa50------ba 101 1 $aita 102 $aIT 200 1 $aNarciso nero$fRumer Godden 210 $aMilano$c<> Mondadori$d1946 215 $a247 p.$d21 cm 225 2 $aCollana '900$iNarrativa$v145 300 $aTraduzione di Giuliana Pozzo 410 0$12001$aCollana '900$iNarrativa$v145 454 1$12001$aBlack narcissus$928394 676 $a833$v(22. ed.)$9Narrativa tedesca 700 1$aGodden,$bRumer$0438972 702 1$aPozzo,$bGiuliana 801 0$aIT$bUniversità della Basilicata - B.I.A.$gREICAT$2unimarc 912 $a000040639 996 $aBlack narcissus$928394 997 $aUNIBAS BAS $aLETTERE CAT $aSTD103$b01$c20150512$lBAS01$h1229 CAT $aTTM$b30$c20150513$lBAS01$h1347 FMT Z30 -1$lBAS01$LBAS01$mBOOK$1BASA1$APolo Storico-Umanistico$2FLAR$BFondo Larotonda$3FLar/113459$6113459$5L113459$820150512$f04$FPrestabile Didattica LEADER 01225nam0 22002651i 450 001 RML0244386 005 20231121125708.0 100 $a20121121d1901 ||||0itac50 ba 101 | $ager 102 $ade 181 1$6z01$ai $bxxxe 182 1$6z01$an 200 1 $aAgyptische und Griechische Eigennamen aus Mumienetiketten der Römischen Kaiserzeit auf Grund von Grossenteils Unveröffentlichtem Material$fgesammelt und erläutert von Wilhelm Spiegelberg 210 $aLeipzig $cHinrichs'sche Buchhandlung $d1901 215 $a58 p., 33 p. di tav.$d28 cm 300 $aRipr. dell'originale manoscritto 700 1$aSpiegelberg$b, Wilhelm$3RMLV156937$0443747 801 3$aIT$bIT-01$c20121121 850 $aIT-FR0017 899 $aBiblioteca umanistica Giorgio Aprea$bFR0017 912 $aRML0244386 950 0$aBiblioteca umanistica Giorgio Aprea$d 52CIS S.Sij.E4.Spiegelb.Eig.$e 52VM 0000143235 VM barcode:000001478-10. - Inventario:445 Sijp.VM$fA $h19600101$i20121204 977 $a 52 996 $aAgyptische und Griechische Eigennamen aus Mumienetiketten der Römischen Kaiserzeit auf Grund von Grossenteils Unveröffentlichtem Material$93621279 997 $aUNICAS